000 00756cam a2200265 a 4500
001 000003647
003 DO-SdBNP
005 20220217100246.0
007 ta
008 971203e1998 sp er 001 f spa
020 _a8440681798
040 _aDO-SdBNP
_bspa
_cBNPHU
082 4 _222
_a813.54
_bG869c
100 1 _aGrisham, John.
_911177
240 _aThe street lawyer
_lspa
245 1 0 _aCausa justa /
_cJohn Grisham ; Traducción, Antonio Menini.
260 _aBarcelona, España :
_bGrupo Zeta,
_c1998
300 _a414 p. ;
_c22 cm.
590 _aIventariado 2022 / MF
650 4 _aNovela estadounidense
_9262
650 4 _aLiteratura estadounidense
_9263
700 1 _aMenini, Antonio
_etrad.
_911187
910 _aMFeliz
942 _2ddc
_cLBS1
999 _c3470
_d3470